000 00634nam a2200229Ia 4500
003 OSt
005 20221007071121.0
006 a|||||r|||| 00| 0
007 ta
008 221006b |||||||| |||| 00| 0 eng d
024 _a25,541
037 _cTextual
040 _aFLL
_cFLL
_beng
041 _2eng
_aeng
082 _aV55:2:9Z, K2
100 _aLeibholz Gerhard
_9120266
245 0 _aConstitutioalism in germany and the federal constitutional court
260 _aLeyden
_bA. W. Sythoff
_c1962
300 _a71p
_ccm.
942 _hV55:2:9Z, K2
_cTEXL
_2CC
999 _c1142503
_d1142503